| 000 | 00891nas a2200277 4500 | ||
|---|---|---|---|
| 001 | BR2018002728 | ||
| 003 | BR-BrBNA | ||
| 005 | 20231205131522.0 | ||
| 007 | ta | ||
| 008 | 230509b bl.|||p| |||| 00| 00por d | ||
| 040 |
_aBR-BrBNA _bpor _cBiblioteca Nacional de Agricultura |
||
| 041 | _a(Pt) | ||
| 072 | _aK10 | ||
| 100 | 1 | _aBandeira, F.S. | |
| 100 | 1 | _aXavier, A. | |
| 100 | 1 | _aLani, E.R.G. | |
| 100 | 1 | _aOtoni, W.C. | |
| 245 | 1 | _aGerminação in vitro de embriões zigóticos maduros de macaúba influenciada por temperaturas de armazenamento dos frutos e concentrações de sacarose | |
| 650 | _aMACAÚBA | ||
| 650 | _aSEMENTE | ||
| 650 | _aGERMINAÇÃO | ||
| 650 | _aPROPAGAÇÃO VEGETATIVA | ||
| 773 | 0 |
_tRevista Árvore (Brazil) _xISSN 0100-6762 _g(Jul-Aug 2013), v. 37(4) p. 691-700 _wBR2018002728 |
|
| 909 |
_a202311 _bLúcia _c55 _dLúcia Elande |
||
| 942 |
_2AGRIS _n0 _cANA |
||
| 999 |
_c255250 _d255250 |
||